000 00332nam a2200133Ia 4500
008 191201s2007 xx 000 0 und d
100 _aBali, N P
245 2 _aA text book of Engineering Mathematic 1st
250 _a4th
260 _c2007
_bLaxmi Publications
_aN.Delhi
300 _a363
650 _aAPPLIED
942 _2ddc
_cBB
_020
999 _c7210
_d7210